| 000 | 01183nac a22003131i 4500 | ||
|---|---|---|---|
| 003 | EG-ScBUE | ||
| 005 | 20250219092253.0 | ||
| 008 | 150805s2004 enkad f b 001 0 eng d | ||
| 020 | _a0198528957 | ||
| 020 | _a9780198528951 (Pbk) | ||
| 035 | _a(OCoLC)ocm52991088 | ||
| 040 |
_aEG-ScBUE _beng _erda _dEG-ScBUE _cEG-ScBUE |
||
| 082 | 0 | 4 |
_a519.5 _bLIN _222 |
| 100 | 1 |
_aLindsey, James K., _eauthor. |
|
| 245 | 1 | 0 |
_aIntroduction to applied statistics : _ba modelling approach / _cJ. K. Lindsey, Department of Social Science, Univeristé de Liége. |
| 250 | _aSecond edition. | ||
| 264 | 1 |
_aOxford ; _aNew York : _bOxford University Press, _c2004. |
|
| 300 |
_axiv, 321 pages : _bcharts, illustrations, tables ; _c24 cm |
||
| 336 |
_2rdacontent _atext _btxt |
||
| 337 |
_aunmediated _2rdamedia _bn |
||
| 338 |
_avolume _bnc _2rdacarrier |
||
| 504 | _aIncludes bibliographical references and index. | ||
| 590 | _aDoha Ragab | ||
| 650 | 7 |
_aSocial sciences _xStatistical methods. _2BUEsh |
|
| 650 | 7 |
_aMathematical statistics. _2BUEsh |
|
| 655 | _vReading book | ||
| 856 | 4 | 2 |
_3Table of contents only _uhttp://www.loc.gov/catdir/enhancements/fy0620/2004299121-t.html |
| 942 |
_cBB _2ddc |
||
| 999 |
_c1310 _d1310 |
||